| 000 | 00836nam a2200229Ii 4500 | ||
|---|---|---|---|
| 003 | JO-AjNU | ||
| 008 | 230605s9999||||xx |||||||||||||| ||und|| | ||
| 017 | _a2007/22278 | ||
| 020 | _a977-14-4158-2 | ||
| 040 |
_aJO-AjNU _bara _erda _cJO-AjNU |
||
| 041 | _aara | ||
| 050 | 1 | 4 | _aDS116.G3712 2010 |
| 100 | 3 |
_aجاردوى، رجاء؛ ترجمة ونعليق تقديم عبد الصبور شاهين, _eauthor _960382 |
|
| 245 | 0 | 0 | _aفلسطين ارض الرسالات الإلهية |
| 250 | _aط3 | ||
| 264 | 3 | 1 | _aالقاهرة: دار نهضة مصر، 2010 |
| 300 |
_a546ص _bيحتوي على فهارس من 525-546ص |
||
| 336 |
_atext _btxt _2rdacontent |
||
| 337 |
_aunmediated _bn _2rdamedia |
||
| 338 |
_avolume _bnc _2rdacarrier |
||
| 650 | 4 |
_aفلسطين - تاريخ - الرسالات الالهية _960383 |
|
| 999 |
_aA27224 _c30792 _d30792 |
||